00258nam a2200109Ia 4500008004100000082001300041100001300054245004100067260002400108300000800132650000800140191201s2019 xx 000 0 und d a174bKAH aKANNAN,S 0aHuman Values And Professional Ethics aN. DelhibTaxmann,s a180 aBBA